Una interpretación crítica de la integración Latinoamericana /

Guardat en:
Dades bibliogràfiques
Autor principal: Behar, Jaime
Format: Text
Etiquetes: Afegir etiqueta
Sense etiquetes, Sigues el primer a etiquetar aquest registre!

MARC

LEADER 00000 a a2200000 04500
001 3255
003
040
100 |a Behar, Jaime  
245 |a Una interpretación crítica de la integración Latinoamericana /  |c Jaime Behar 
773 |g volumen 30, número 5; páginas 423-432  
999 |c 22578  |d 22578